000 03449nab a2200361 i 4500
003 BR-BrBNA
005 20241218151608.0
008 241218b2015 bl.|r|pooa||| 00| 0 por |
040 _aBR-BrBNA
_bpor
072 _aM12
_b8134
100 _aSantos, E.L.
100 _aBezerra, K.S.
100 _aSoares , E.C.S.
100 _aSilva, T.J.
100 _aFerreira , C.H.L.H.
100 _aSantos, C.C.S.
100 _aSilva, C.F.
245 _aDesempenho de alevinos de tilápia do Nilo alimentados com folha de mandioca desidratada na dieta
500 _aPublicação online; 24 ref.; 4 tables; Summaries (En, Pt)
520 _a RESUMO - O objetivo foi avaliar o crescimento e a viabilidade econômica de alevinos de tilápia do Nilo (Oreochromis niloticus), alimentados com diferentes níveis de farinha da folha de mandioca desidratada na ração (FFMD). Foram utilizados 80 alevinos distribuídos em 20 recipientes de 18L, constando de sistema de recirculação de água, durante um período de 51 dias. Cem exemplares, alimentados três vezes ao dia até a saciedade, foram distribuídos aleatoriamente em um delineamento experimental inteiramente casualizado, constituindo-se de 4 tratamentos (0, 5, 10 e 15% de adição da FFMD na ração) e 5 repetições cada. Os peixes alimentados com 10% de FFMD apresentaram melhor homogeneidade no crescimento. Entretanto, os indivíduos alimentados com inclusão de 5% de FFMD apresentaram homogeneidade de crescimento similar aos alimentados com 10%. Além disso, os peixes alimentados com 5% de FFMD obtiveram melhor desempenho zootécnico e viabilidade econômica da ração. Dessa maneira, recomendase a utilização de 5% da farinha de folha de mandioca desidratada em rações para tilápia do Nilo. Palavras-chave: alimentos alternativos, desempenho, Oreochromis niloticus
520 _a ABSTRACT - The aim was to evaluate the growth and the economic viability of the Nile tilapia (Oreochromis niloticus) fed with different levels of dehydrated cassava leaf flour in the diet (FFMD). 80 fingerlings were distributed into 20 18L containers, consisting of a water recirculation system over a period of 51 days. 100 copies fed three times a day to satiation were randomly assigned in a completely randomized design, constituting 4 treatments (0%, 5%, 10% and 15% addition of FFMD in diet) with 5 repetitions each. The fishes fed with 10% FFMD had better homogeneity in growth. However, individuals fed with inclusion of 5% FFMD homogeneity grew similarly to those fed with 10% FFMD. In addition, the fish from the 5% had better growth performance and economic viability of the feed. Thus, it is recommended to use 5% of dehydrated cassava leaf meal in diets for Nile tilapia. Keywords: alternative foods, performance, Oreochromis niloticus
650 _aTILÁPIA NILÓTICA
650 _aPEIXE DE ÁGUA DOCE
650 _aCRESCIMENTO
650 _aRAÇÃO
650 _aALIMENTO ALTERNATIVO
650 _aPISCICULTURA
650 _aANÁLISE ECONÔMICA
773 0 _01643
_9315896
_dBelo Horizonte-MG Universidade Federal de Minas Gerais - Escola de Veterinaria 1983
_o2024-2261
_tArquivo Brasileiro de Medicina Veterinária e Zootecnia (Brazil)
_x0102-0935
_gv. 67(5) p. 1421-1428; (2015)
_wBR2024004013
856 _uhttps://www.scielo.br/j/abmvz/a/Cz3TWQkHLXyp7PPF8Nx3Lsz/?format=pdf&lang=pt
942 _cANA
999 _c329345
_d329345